000 00992nam a2200217Ia 4500
003 Ost
005 20260507075101.0
008 260507s9999||||xx |||||||||||||| ||und||
040 _cfsecg
041 _aara
082 _a332
100 _aقرياقص، رسمية
_eمؤلف
245 0 _aأسواق المال :
_bأسواق-رأس المال-المؤسسات /
_c رسمية قرياقص
260 _aالإسكندرية:
_bالدار الجامعية,
_c2003
300 _a399 صفحة؛
_bإيضاحات ؛
_c23 سم
520 _aالأسواق المالية،المؤسسات المالية،شركات التأمين،شركات الإستثمار،شركات التمويل،البنوك
653 _aالاستثمار
653 _aالاسواق المالية
653 _aالبنوك
942 _cكتاب
999 _c42795
_d42795